LEADER 01015nam a2200205 i 4500 001 000000022138 003 CaOOAMICUS 005 20180830125445.0 008 180830s1941 gw u000 u und u 040 $aSeMil$bita 100 1 $aScheeben, Matthias Joseph,$d<1835-1888>.$0(OLS)http://semarc/name/9906 245 10$aGesammelte Schriften /$cMatthias Joseph Scheeben ; in Gemeinschaft mit Johannes Brinktrine ... [et al.] ; hrsg. von Josef Höfer. 260 $aFreiburg im Breisgau :$bHerder,$c1941. 300 $av. ;$c24 cm. 700 1 $aHöfer, Josef.$0(OLS)http://semarc/name/9908 700 1 $aBrinktrine, Johannes.$0(OLS)http://semarc/name/9907 774 0 $aScheeben, Matthias Joseph <1835-1888>$tMystererien des Christentums.$dFreiburg im Breisgau : Herder, 1941.$gBd.2$w()44518 774 0 $aScheeben, Matthias Joseph <1835-1888>$tNatur und Gnade.$gBd.1$w()47687 996 $6245$aGesammelte Schriften$9(OLS)http://semarc/title/1264 996 $6260$aFreiburg im Breisgau :$bHerder$9(OLS)http://semarc/publisher/29728 LEADER 00864nam a2200217 i 4500 001 000000206315 003 CaOOAMICUS 005 20171006000000.0 008 171006s1986 it u000 u ita u 013 $a185076 040 $aSeMil$bita 245 10$aCostituzioni dell'Istituto secolare Cristo Re. 260 $aMilano :$bSady Francinetti,$c1986. 300 $a95 p. ;$c15 cm. 500 $aData a p. 4. 650 4$aIstituto Secolare Cristo Re - Regole e costituzioni.$0(OLS)http://semarc/subject/46654 700 1 $aIstituto secolare Cristo Re.$0(OLS)http://semarc/name/46052 850 $aSeMil 852 $aSeMil$W1$xVenegono$y1$m3F I 1089$j240553$B156798$CSeMilBibl$Z2$F220304 $81 996 $6245$aCostituzioni dell'Istituto secolare Cristo Re$9(OLS)http://semarc/title/409551 996 $6260$aMilano :$bSady Francinetti$9(OLS)http://semarc/publisher/57408